Score 0/17 Timer 05:00
0 Plays Today
% Correct
Chii
100%
Hideki Motosuwa
85.6%
Sumomo
70.1%
Freya
61.1%
Hiromu Shinbo
51.5%
Yumi Omura
50.3%
Yumi (Persocom)
48.5%
Chitose Hibiya
47.9%
Minoru Kokubunji
46.7%
% Correct
Kotoko
43.1%
Yuzuki
41.9%
Takako Shimizu
32.3%
Hiroyasu Ueda
28.7%
Yoshiyuki Kojima
28.1%
Dita
24.6%
Zima
18%
Nekoi
13.2%
Remove Ads.
Support Sporcle.
Get the best of Sporcle when you Go Orange. This ad-free experience offers more features, more stats, and more fun while also helping to support Sporcle. Thank you for becoming a member.

You're not logged in!

Compare scores with friends on all Sporcle quizzes.
OR
Log In

Show Comments

Extras

Top Quizzes Today


Score Distribution

Your Account Isn't Verified!

In order to create a playlist on Sporcle, you need to verify the email address you used during registration. Go to your Sporcle Settings to finish the process.

Report this User

Report this user for behavior that violates our Community Guidelines.

Details: